000 00348nam a2200145Ia 4500
008 230312s9999||||xx |||||||||||||| ||und||
020 _a1-4496-0091-4
082 _a572.8
_bTRO-M
100 _aTropp;Burton.E
245 0 _aMolecular Biology
260 _bJones& Bartlett
_aUSA
_c2012
300 _a1097
650 _aMedical
_vBiology
942 _cBK
999 _c11255
_d11255